| 000 | 00362nam a2200145Ia 4500 | ||
|---|---|---|---|
| 008 | 230312s9999||||xx |||||||||||||| ||und|| | ||
| 020 | _a978-8131713891 | ||
| 082 |
_a629.13 _bKER-F |
||
| 100 | _aKermode;A.C | ||
| 245 | 0 | _aFlight Without Formulae | |
| 260 |
_bPearsons _aIndia _c2009 |
||
| 300 | _a300 | ||
| 650 |
_aEngineering _vAviation/Mechanics |
||
| 942 | _cBK | ||
| 999 |
_c14249 _d14249 |
||